02591nam a2200217 4500003000800000005001700008007000300025008004100028020001500069040004000084041000800124100001000132245020400142264004400346300001900390336002900409337002800438338002800466505024200494520163700736vecauma20260422200306.0ta260422b ve ||||| |||| 00| 0 spa d a8480888970 avecaumabspacvecaumadvecaumaerda aspa1 eautor1 aCómo mienten las empresas ¿Por qué Enron es tan sólo la punta del Iceberg? bUna guía para comprender el fraude contable y la ingeniería financiera c/ A. Larry Elliot y Richard J. Schroth aEspaña:bGestión 2000, S.A.;c2003. a156 páginas. atextobtxt2rdacontenido ano mediadobn2rdamedio avolumenbnc2rdasoporte0 aLos mecanismos de la mentira / El arte de los tramposos astutos / La protección de inversores y empresas / Palabras sin fundamento / La neblina de la complejidad corporativa / Administración disfuncional / Los mercados han hablado / 3 aLos mercados, gracias a las mentiras de algunos directivos y de todos los que les rodean, son los casinos y los canódromos del nuevo siglo. Existe una diferencia básica, sin embargo, entre las apuestas en los casinos y las apuestas para ganar dinero invirtiendo en empresas: en Las Vegas es posible calcular las apuestas y la probabilidad de ganar o perder. Algo que actualmente resulta imposible en la bolsa debido al comportamiento de las empresas que en ella cotizan. Los que juegan en los casinos no suelen en el transcurso del juego añadir o retirar un par de ases, pero esto sí sucede en Wall Street y entre las empresas que cotizan en bolsa. Enron, Tyco, Sunbeam, Global Crossings, Waste Management y, ahora, WorldCom, no son más que la punta del iceberg, los síntomas en la superficie que revelan lo que deben hacer las empresas del futuro para evitar sucumbir. Afortunadamente, existen métodos para que el inversor individual reconozca las empresas que corren el peligro de convertirse en el próximo Enron. Esta obra nos alerta sobre: .Los mecanismos de la contabilidad creativa .El arte de los tramposos astutos .Las palabras sin fundamento .La neblina de la complejidad corporativa A. Larry Elliott es presidente y director general de EDA, Inc., y antiguo socio de Heidrick y Struggles, una de las empresas líderes mundiales en investigación empresarial. Richard J. Schroth trabaja como consultor y asesor en tecnología emergente y estrategia empresarial para muchas empresas líderes mundiales. Es fundador, director general y presidente de Executive Insights, Ltd y Executive Viewpoints, Inc.